Sports Quiz

Random Sports or NBA Quiz
Score 0/29 Timer 04:00
15 Plays Today
Team Player % Correct
Miami HeatLeBron James
95.8%
Cleveland CavaliersLeBron James
95.7%
Los Angeles LakersAnthony Davis
95.4%
Boston CelticsIsaiah Thomas
90.1%
Denver NuggetsCarmelo Anthony
89.9%
Charlotte HornetsKemba Walker
85%
Dallas MavericksDirk Nowitzki
82%
Philadelphia 76ersAllen Iverson
81.9%
San Antonio SpursLaMarcus Aldridge
80.3%
Utah JazzKarl Malone
78.8%
Washington WizardsBradley Beal
78.7%
Brooklyn NetsCaris LeVert
77.6%
Oklahoma City ThunderRussell Westbrook
74.1%
Minnesota TimberwolvesDerrick Rose
72.3%
Toronto RaptorsDeMar DeRozan
72.1%
Team Player % Correct
Portland Trail BlazersDamian Lillard
68.9%
Detroit PistonsBlake Griffin
68%
Houston RocketsEric Gordon
67.6%
Phoenix SunsJamal Crawford
65.5%
New York KnicksCarmelo Anthony
58.9%
Orlando MagicTracy McGrady
58.2%
Golden State WarriorsD'Angelo Russell
57.3%
Milwaukee BucksKhris Middleton
56.4%
Indiana PacersJermaine O'Neal
52.9%
Sacramento KingsDeMarcus Cousins
49.3%
Chicago BullsJimmy Butler
46.1%
New Orleans PelicansAnthony Davis
36.6%
Los Angeles ClippersLou Williams
35.9%
Atlanta HawksTrae Young
15.8%
Remove Ads.
Support Sporcle.
Get the best of Sporcle when you Go Orange. This ad-free experience offers more features, more stats, and more fun while also helping to support Sporcle. Thank you for becoming a member.

You're not logged in!

Compare scores with friends on all Sporcle quizzes.
OR
Log In

Sporcle TV

Today on Sporcle TV


Watch our educational content, quiz creation guides, and fun videos on Sporcle TV.

Show Comments

Extras

Top Quizzes Today


Score Distribution

Paid Content

Your Account Isn't Verified!

In order to create a playlist on Sporcle, you need to verify the email address you used during registration. Go to your Sporcle Settings to finish the process.

Report this User

Report this user for behavior that violates our Community Guidelines.

Details: